[Event "Women's Speed Chess Q2"]
[Site "chess.com INT"]
[Date "2020.06.19"]
[Round "11"]
[White "Thipsay, Bagyashree Sathe"]
[Black "Sharmin, Samiha Shimmi"]
[Result "1-0"]
[WhiteTitle "WIM"]
[BlackTitle "WCM"]
[WhiteElo "2072"]
[BlackElo "1812"]
[WhiteFideId "5001013"]
[BlackFideId "10203087"]
[EventDate "2020.06.19"]

1. e4 d5 2. exd5 Qxd5 3. Nc3 Qd6 4. d4 Nf6 5. Bd3 a6 6. Nge2 Nc6 7. Bf4 Qd8 8.
h3 Nb4 9. a3 Nbd5 10. Nxd5 Nxd5 11. Bd2 g6 12. c4 Nf6 13. Bc3 Bg7 14. Qc2 O-O
15. Rd1 c6 16. O-O b5 17. b3 Qc7 18. Bb2 Be6 19. Qc1 Rac8 20. Rfe1 Rfd8 21. Bb1
Nh5 22. Bd3 Nf6 23. Qe3 Qb7 24. Bc3 bxc4 25. bxc4 Qb3 26. Rb1 Qxa3 27. Ra1 Qb3
28. Reb1 Bxc4 29. Rxb3 Bxb3 30. Qc1 Nd5 31. Bb2 Rb8 32. Rxa6 Nb4 33. Ra1 Nxd3
34. Qd2 Nxb2 35. Qxb2 Bc4 36. Qc2 Bxe2 37. Qxe2 Rxd4 38. Rf1 Rbd8 39. Qxe7 R4d7
40. Qe4 Rd6 41. g3 Rd5 42. Rc1 c5 43. Qe7 R8d7 44. Qe8+ Bf8 45. Re1 c4 46. Qc8
Rd4 47. Re8 Rd1+ 48. Kg2 Kg7 49. Rxf8 Re1 50. Rg8+ Kh6 51. Qxc4 Rdd1 52. Qh4# 1-0

[Event "Women's Speed Chess Q2"]
[Site "chess.com INT"]
[Date "2020.06.19"]
[Round "11"]
[White "Tarleva, Vira"]
[Black "Michelle Catherina, P"]
[Result "1/2-1/2"]
[WhiteTitle "WFM"]
[BlackTitle "WIM"]
[WhiteElo "2030"]
[BlackElo "2176"]
[WhiteFideId "14116693"]
[BlackFideId "5005736"]
[EventDate "2020.06.19"]

1. e4 e5 2. Nf3 Nc6 3. d4 exd4 4. Bc4 Nf6 5. e5 Ng4 6. O-O d6 7. exd6 Qxd6 8. h3
Nge5 9. Re1 Be7 10. Nxe5 Nxe5 11. Bf4 f6 12. Nd2 Be6 13. Ne4 Qc6 14. Bxe6 Qxe6
15. Qxd4 O-O 16. Nc5 Qc6 17. Bxe5 Bxc5 18. Qc4+ Kh8 19. Bd4 Bxd4 20. Qxd4 Rad8
21. Qb4 b6 22. c3 a5 23. Qg4 Qc5 24. Rad1 Kg8 25. Rd7 Rxd7 26. Qxd7 Qd6 27. Re7
Qxd7 28. Rxd7 Rf7 29. Rd8+ Rf8 30. Rd7 Rf7 31. Rd5 Re7 32. Kf1 Kf7 33. f3 g6 34.
Kf2 f5 35. Rd8 Kf6 36. Rf8+ Kg7 37. Rd8 Kf7 38. g4 Kf6 39. h4 fxg4 40. fxg4 h5
41. g5+ Kf5 42. Rd4 Re6 43. Kf3 c5 44. Rf4+ Ke5 45. Re4+ Kd5 46. Rxe6 Kxe6 47.
Ke4 Kd6 48. c4 Ke6 49. b3 Kd6 50. Kf4 Ke6 51. Ke4 Kd6 52. Kf4 Ke6 53. Ke4 1/2-1/2

[Event "Women's Speed Chess Q2"]
[Site "chess.com INT"]
[Date "2020.06.19"]
[Round "11"]
[White "Ambartsumova, Karina"]
[Black "Cori T., Deysi"]
[Result "1-0"]
[WhiteTitle "IM"]
[BlackTitle "WGM"]
[WhiteElo "2371"]
[BlackElo "2388"]
[WhiteFideId "4166299"]
[BlackFideId "3801934"]
[EventDate "2020.06.19"]

1. Nf3 Nf6 2. c4 e6 3. Nc3 d5 4. d4 Be7 5. Bg5 h6 6. Bh4 O-O 7. e3 b6 8. cxd5
exd5 9. Bd3 Bb7 10. O-O Ne4 11. Bxe7 Qxe7 12. Rc1 c5 13. dxc5 bxc5 14. Qc2 Nd7
15. Rfe1 Ndf6 16. h3 Rfd8 17. b3 Rac8 18. Bxe4 dxe4 19. Nd2 Qe5 20. Nc4 Qg5 21.
Rcd1 Bc6 22. Rxd8+ Rxd8 23. Rd1 Re8 24. Qe2 Bd7 25. Kf1 Qh4 26. Nd6 Re7 27. Nd5
Nxd5 28. Rxd5 Qf6 29. Rd1 Re6 30. Nxe4 Rxe4 31. Rxd7 Qa1+ 32. Rd1 Qf6 33. Qd3
Re5 34. Qd8+ Qxd8 35. Rxd8+ Kh7 36. Rc8 Kg6 37. Ke2 h5 38. Rc7 a5 39. Ra7 Rg5
40. g3 h4 41. gxh4 Rh5 42. Kf3 Rxh4 43. Kg3 Rh5 44. Rxa5 Rd5 45. Ra6+ f6 46. Rc6
Kf5 47. Kf3 Kg6 48. a4 Rd3 49. Rxc5 Rxb3 50. a5 Ra3 51. Ke4 Ra4+ 52. Kd5 Kf5 53.
Kc6+ Ke4 54. Kb6 g6 55. a6 Rb4+ 56. Rb5 Rc4 57. a7 Rc8 58. Kb7 Re8 59. a8=Q Rxa8
60. Kxa8 Kf3 61. Rb6 f5 62. Rxg6 Kxf2 63. Rf6 Kxe3 64. Rxf5 Ke4 65. Rg5 1-0

[Event "Women's Speed Chess Q2"]
[Site "chess.com INT"]
[Date "2020.06.19"]
[Round "11"]
[White "Sebag, Marie"]
[Black "Aakanksha, Hagawane"]
[Result "1-0"]
[WhiteTitle "GM"]
[BlackTitle "WIM"]
[WhiteElo "2438"]
[BlackElo "2238"]
[WhiteFideId "617822"]
[BlackFideId "25014510"]
[EventDate "2020.06.19"]

1. e4 e5 2. Nf3 Nc6 3. Bb5 a6 4. Ba4 Nf6 5. O-O Nxe4 6. d4 b5 7. Bb3 d5 8. dxe5
Be6 9. Qe2 Nc5 10. Rd1 Nxb3 11. cxb3 Ne7 12. Nc3 c6 13. Be3 Ng6 14. Ne4 Be7 15.
Nc5 O-O 16. Rac1 Bxc5 17. Rxc5 Rc8 18. Rdc1 Bd7 19. Qd2 Re8 20. Bd4 h6 21. h3
Ne7 22. b4 Nf5 23. a3 Qe7 24. R5c3 Qe6 25. Qf4 Qg6 26. Nh4 Nxh4 27. Qxh4 Re6 28.
Rg3 Qf5 29. Rf3 Qg6 30. Qf4 Rce8 31. Rg3 Qh7 32. Kh2 R8e7 33. Rcc3 Rg6 34. e6
Rexe6 35. Rxg6 Qxg6 36. Rg3 Re4 37. Qb8+ Re8 38. Qc7 Qe6 39. Rxg7+ Kf8 40. Rg3
f6 41. Qf4 Ke7 42. Re3 Kd8 43. Rxe6 Rxe6 44. Bxf6+ Kc8 45. Bd4 Re4 46. Qf6 Kb7
47. Bc5 Kc7 48. Qd6+ 1-0

[Event "Women's Speed Chess Q2"]
[Site "chess.com INT"]
[Date "2020.06.19"]
[Round "11"]
[White "Sargsyan, Anna M."]
[Black "Toncheva, Nadya"]
[Result "1-0"]
[WhiteTitle "WGM"]
[BlackTitle "WFM"]
[WhiteElo "2405"]
[BlackElo "2064"]
[WhiteFideId "13308130"]
[BlackFideId "2924056"]
[EventDate "2020.06.19"]

1. d4 d5 2. c4 dxc4 3. e3 Nf6 4. Bxc4 e6 5. b3 a6 6. Bb2 b5 7. Bd3 Bb7 8. Nf3
Nbd7 9. O-O c5 10. a4 b4 11. Nbd2 Be7 12. Nc4 O-O 13. Nfe5 Rc8 14. Qe2 h6 15.
Rfd1 Qc7 16. a5 Rfd8 17. Rac1 Qb8 18. Nxd7 Nxd7 19. Bb1 Nf8 20. Qg4 Bf6 21. Nb6
Rc7 22. Qg3 Bd5 23. Nxd5 exd5 24. Qf3 Qb5 25. h3 Qxa5 26. Qf5 Qb6 27. dxc5 Rxc5
28. Rxc5 Qxc5 29. Bxf6 gxf6 30. Qxf6 Qd6 31. Qh4 Rc8 32. Bf5 Rc3 33. g3 Qe5 34.
Rd4 Rc1+ 35. Kg2 Ng6 36. Bxg6 fxg6 37. Qd8+ Kf7 38. Qd7+ Kg8 39. Rf4 Rc7 40.
Qd8+ Kg7 41. Qf8+ Kh7 42. h4 Qe6 43. Qxb4 Rg7 44. Qd4 Qc6 45. Rf6 Rd7 46. Rxc6 1-0

[Event "Women's Speed Chess Q2"]
[Site "chess.com INT"]
[Date "2020.06.19"]
[Round "11"]
[White "Dzagnidze, Nana"]
[Black "Sliwicka, Alicja"]
[Result "1-0"]
[WhiteTitle "GM"]
[BlackTitle "WIM"]
[WhiteElo "2524"]
[BlackElo "2317"]
[WhiteFideId "13601903"]
[BlackFideId "1150677"]
[EventDate "2020.06.19"]

1. c4 c5 2. Nf3 Nc6 3. Nc3 e5 4. g3 g6 5. Bg2 Bg7 6. O-O Nge7 7. Ne1 d6 8. Nc2
a6 9. Ne3 Rb8 10. a4 O-O 11. d3 Nd4 12. Ned5 Be6 13. e3 Ndf5 14. Bd2 h5 15. Rb1
a5 16. Nb5 b6 17. Bc3 Nxd5 18. cxd5 Bd7 19. Na7 Ne7 20. f4 Qe8 21. fxe5 dxe5 22.
Qf3 Bxa4 23. Qe4 Nf5 24. Rxf5 gxf5 25. Qxf5 Qd7 26. Qxd7 Bxd7 27. Nc6 Rbe8 28.
Rf1 f5 29. Bf3 h4 30. gxh4 e4 31. Bxg7 Kxg7 32. dxe4 fxe4 33. Bg2 Bf5 34. Rd1
Rf7 35. Bf1 Rd7 36. Bc4 Bg4 37. Rf1 Bf3 38. Kf2 Rh8 39. Rg1+ Kf8 40. Ne5 Rg7 41.
Ng6+ Rxg6 42. Rxg6 Rxh4 43. Kg3 Rh5 44. d6 Ke8 45. Be6 Rh8 46. Kf4 b5 47. Ke5 a4
48. d7+ Kd8 49. Kd6 b4 50. Rg5 a3 51. Rxc5 1-0

[Event "Women's Speed Chess Q2"]
[Site "chess.com INT"]
[Date "2020.06.19"]
[Round "11"]
[White "Vifleemskaia, Svetlana"]
[Black "Schulze, Lara"]
[Result "1-0"]
[WhiteTitle "WFM"]
[BlackTitle "FM"]
[WhiteElo "1943"]
[BlackElo "2314"]
[WhiteFideId "4129490"]
[BlackFideId "12956830"]
[EventDate "2020.06.19"]

1. d4 Nf6 2. c4 e6 3. Nc3 Bb4 4. e3 b6 5. Ne2 c5 6. a3 Ba5 7. Rb1 Na6 8. g3 Bb7
9. d5 b5 10. Bg2 bxc4 11. O-O O-O 12. e4 exd5 13. exd5 d6 14. Qa4 Bb6 15. Qxc4
Nc7 16. Rd1 Re8 17. Nf4 Ba6 18. Qa4 c4 19. h3 g5 20. Nfe2 h6 21. Nd4 Bxd4 22.
Rxd4 Re1+ 23. Kh2 Qe7 24. Be3 Rxb1 25. Nxb1 Rb8 26. Qc2 Nd7 27. Rd1 Ne5 28. Bxa7
Rb7 29. Bd4 Nb5 30. Bxe5 Qxe5 31. Nc3 Nc7 32. Qd2 Ne8 33. Re1 Qf6 34. Re2 Kg7
35. Ne4 Qd8 36. Qd4+ Kg8 37. h4 c3 38. Rc2 cxb2 39. Rxb2 Rxb2 40. Qxb2 Qe7 41.
Qd4 Bc8 42. hxg5 hxg5 43. a4 Qb7 44. a5 Qa6 45. Qb6 Ng7 46. Qxa6 Bxa6 47. Nxd6
Ne8 48. Nxe8 Kf8 49. Nc7 Ke7 50. Nxa6 Kd6 51. Nb4 Kc5 52. a6 1-0

[Event "Women's Speed Chess Q2"]
[Site "chess.com INT"]
[Date "2020.06.19"]
[Round "11"]
[White "Mammadzada, Gunay"]
[Black "Khotenashvili, Bela"]
[Result "0-1"]
[WhiteTitle "IM"]
[BlackTitle "GM"]
[WhiteElo "2443"]
[BlackElo "2458"]
[WhiteFideId "13403729"]
[BlackFideId "13602640"]
[EventDate "2020.06.19"]

1. e4 c6 2. d4 d5 3. Nc3 g6 4. e5 Bg7 5. f4 h5 6. Nf3 Qb6 7. Be2 Bg4 8. O-O Bxf3
9. Bxf3 e6 10. Kh1 Ne7 11. Na4 Qc7 12. Nc5 b6 13. Nb3 Nf5 14. c3 Nd7 15. Qe2 Rc8
16. c4 a5 17. a4 Qb7 18. Bd2 Qa6 19. Rac1 O-O 20. Rc2 c5 21. cxd5 Qxe2 22. Bxe2
cxd4 23. Rxc8 Rxc8 24. d6 f6 25. Bb5 Nf8 26. d7 Rd8 27. Nxa5 bxa5 28. Bxa5 Rxd7
29. Bxd7 Nxd7 30. exf6 Bxf6 31. b4 Ne3 32. Re1 Kf7 33. b5 Nc5 34. b6 Bd8 35. Rc1
Nb7 36. Bd2 Bxb6 37. Rb1 Nc4 38. a5 Nbxa5 39. Bxa5 Bxa5 40. Rb5 Bc3 41. Rc5 Ne3
42. Rc7+ Kf6 43. Rd7 Nd5 44. Kg1 Nxf4 45. Kf1 Nd5 46. g3 g5 47. Ke2 Ke5 48. Rh7
Ke4 49. Rxh5 d3+ 50. Kf2 Bd4+ 51. Ke1 Be3 52. Rh6 d2+ 53. Ke2 Nc3+ 0-1

[Event "Women's Speed Chess Q2"]
[Site "chess.com INT"]
[Date "2020.06.19"]
[Round "11"]
[White "Stefanova, Antoaneta"]
[Black "Bulmaga, Irina"]
[Result "1/2-1/2"]
[WhiteTitle "GM"]
[BlackTitle "IM"]
[WhiteElo "2462"]
[BlackElo "2440"]
[WhiteFideId "2902257"]
[BlackFideId "13903063"]
[EventDate "2020.06.19"]

1. d4 Nf6 2. Nf3 e6 3. e3 b6 4. Bd3 Bb7 5. O-O d5 6. c4 Nbd7 7. cxd5 Bxd5 8. Nc3
Bb7 9. e4 Be7 10. Bc2 O-O 11. e5 Nd5 12. Qd3 g6 13. a3 c5 14. Bh6 Re8 15. Ne4
cxd4 16. Qxd4 Rc8 17. Rac1 Nc5 18. Nd6 Bxd6 19. exd6 f6 20. b4 Nd7 21. Ba4 a6
22. h4 b5 23. Bc2 Nf8 24. h5 Rc4 25. Qd3 Rg4 26. g3 Qxd6 27. Nh4 f5 28. Bxf8
Rxf8 29. hxg6 hxg6 30. Bd1 Re4 31. Bf3 Rc4 32. Rxc4 bxc4 33. Qxc4 Kg7 34. Qd4+
e5 35. Qc5 Rd8 36. Rd1 e4 37. Qxd6 Rxd6 38. Be2 Kf6 39. Bc4 g5 40. Ng2 Ke5 41.
Ne1 Nb6 42. Rxd6 Kxd6 43. Bb3 Nd5 44. Nc2 Ke5 45. Ne3 Nxe3 46. fxe3 f4 47. gxf4+
gxf4 48. exf4+ Kxf4 49. Kf2 e3+ 50. Ke1 Bc6 51. Bc4 Bb5 52. Bb3 Ke4 53. a4 Bd3
54. b5 axb5 55. axb5 Bxb5 56. Bc2+ Bd3 57. Ba4 Kd4 58. Bb3 e2 59. Be6 Ke3 60.
Bg4 Be4 61. Bxe2 1/2-1/2

[Event "Women's Speed Chess Q2"]
[Site "chess.com INT"]
[Date "2020.06.19"]
[Round "11"]
[White "Zvereva, Margarita"]
[Black "Mudodo, Refiloe Hazel"]
[Result "1-0"]
[WhiteTitle "WFM"]
[BlackTitle "WCM"]
[WhiteElo "1929"]
[BlackElo "1543"]
[WhiteFideId "34177741"]
[BlackFideId "11000821"]
[EventDate "2020.06.19"]

1. d4 d5 2. Nf3 e6 3. e3 Nf6 4. Bd3 Be7 5. O-O O-O 6. b3 c5 7. Bb2 Nbd7 8. Nbd2
b6 9. Qe2 Bb7 10. c4 cxd4 11. exd4 dxc4 12. Nxc4 Nd5 13. Qd2 Bb4 14. Qc2 b5 15.
Bxh7+ Kh8 16. Nce5 Rc8 17. Qd3 Nxe5 18. Nxe5 Nf4 19. Qg3 Ne2+ 20. Kh1 Nxg3+ 21.
hxg3 Kxh7 22. Rac1 Rxc1 23. Bxc1 f6 24. Ng4 Rh8 25. Kg1 Kg8 26. Be3 Qd5 27. f3
Qh5 28. Kf2 f5 29. Ne5 Bd6 30. Nd3 Qg6 31. Bf4 Bxf4 32. Nxf4 Qf6 33. Rd1 e5 34.
dxe5 Qxe5 35. Rd8+ Kh7 36. Rxh8+ Kxh8 37. Ng6+ Kg8 38. Nxe5 Kh7 39. Ke3 g6 40.
Kd4 Kg7 41. Kc5 a6 42. Kb6 Bc8 43. Nc6 Kf6 44. Nb4 Ke5 45. Nxa6 Bxa6 46. Kxa6 g5
47. Kxb5 Kd4 48. a4 Ke3 49. a5 Kf2 50. g4 Kxg2 51. gxf5 Kxf3 52. f6 g4 53. f7 g3
54. f8=Q+ Kg2 55. a6 Kg1 56. a7 1-0

[Event "Women's Speed Chess Q2"]
[Site "chess.com INT"]
[Date "2020.06.19"]
[Round "11"]
[White "Vittal, Sanjana"]
[Black "Eswaran, Aksithi"]
[Result "0-1"]
[WhiteTitle "WFM"]
[BlackTitle "WCM"]
[WhiteElo "1961"]
[BlackElo "1745"]
[WhiteFideId "2097486"]
[BlackFideId "2083485"]
[EventDate "2020.06.19"]

1. e4 c5 2. Nc3 Nc6 3. Bb5 g6 4. Bxc6 dxc6 5. d3 Bg7 6. f4 Nf6 7. Nf3 O-O 8. O-O
Bd7 9. Qe1 Qc7 10. Kh1 Rad8 11. Be3 b6 12. a4 Ng4 13. Bd2 Be6 14. h3 Nf6 15. Ng5
Bc8 16. Be3 h6 17. Nf3 Nh5 18. g3 Bxh3 19. Rg1 Bg4 20. Qf2 Nf6 21. a5 Be6 22.
Nh2 Ng4 23. Nxg4 Bxg4 24. e5 Qd7 25. Ne4 Qf5 26. Rg2 c4 27. axb6 cxd3 28. cxd3
axb6 29. Bxb6 Rxd3 30. Nc5 Rf3 31. Qg1 Bh3 32. Rh2 Bg4 33. b4 Rb8 34. Ba5 Rc3
35. Rf1 Bf3+ 36. Rxf3 Rxf3 37. Qg2 Qb1+ 38. Qg1 Rf1 39. Rg2 Rxg1+ 40. Rxg1 Qc2
41. Nd7 Rb5 42. Nb6 Qf5 43. Kg2 Qc2+ 44. Kh1 Qe4+ 45. Rg2 Qe1+ 46. Kh2 Qe4 47.
Kh1 Qf5 48. Kh2 Qg4 49. Rf2 Qh5+ 50. Kg2 g5 51. Rd2 gxf4 52. gxf4 Qg4+ 53. Kh1
Qxf4 54. Nd7 Kh7 55. e6 Qxd2 56. exf7 Qe1+ 57. Kg2 Qe4+ 58. Kg3 Qf5 59. Kh4 Bf8
60. Nxf8+ Kg7 61. Ne6+ Qxe6 0-1

[Event "Women's Speed Chess Q2"]
[Site "chess.com INT"]
[Date "2020.06.19"]
[Round "11"]
[White "Berzina, Ilze"]
[Black "Shafigullina, Zarina"]
[Result "0-1"]
[WhiteTitle "WGM"]
[BlackTitle "WFM"]
[WhiteElo "2192"]
[BlackElo "2296"]
[WhiteFideId "11601345"]
[BlackFideId "24174220"]
[EventDate "2020.06.19"]

1. e4 c5 2. Nf3 Nc6 3. Bb5 g6 4. O-O Bg7 5. c3 Nf6 6. Re1 d5 7. e5 Nd7 8. d4
cxd4 9. cxd4 Nb6 10. Nc3 Bg4 11. h3 Bf5 12. a4 a6 13. Bxc6+ bxc6 14. a5 Nc4 15.
Qa4 Bd7 16. b3 c5 17. Qa2 cxd4 18. bxc4 dxc3 19. cxd5 O-O 20. Bg5 h6 21. Bh4 Rc8
22. d6 g5 23. Nxg5 hxg5 24. Bxg5 Re8 25. dxe7 Qc7 26. Qc2 Rb8 27. Bf6 Qc6 28.
Re3 Bxf6 29. exf6 Qxf6 30. Rg3+ Kh8 31. Rd1 Bf5 32. Qe2 Rxe7 33. Qh5+ Bh7 34.
Rf3 Qg6 35. Qh4 Rbe8 36. Rxc3 Re1+ 37. Rxe1 Rxe1+ 38. Kh2 Qd6+ 39. Rg3 Re2 40.
Qg5 Bg6 41. Qh4+ Kg7 42. f4 Re4 43. Rf3 Qf6 44. Qg3 Qf5 45. h4 Kh7 46. Rf2 Ra4
47. Rf3 Rxa5 48. Qf2 Rd5 49. Rg3 a5 50. Rg5 Qe4 51. h5 Bf5 52. Qg3 Qd4 53. Qh4
Qf6 54. Qg3 Be4 55. Qe3 Rxg5 56. fxg5 Qf5 0-1

[Event "Women's Speed Chess Q2"]
[Site "chess.com INT"]
[Date "2020.06.19"]
[Round "11"]
[White "Paehtz, Elisabeth"]
[Black "Shevtchenko, Olesya"]
[Result "0-1"]
[WhiteTitle "IM"]
[BlackTitle "WFM"]
[WhiteElo "2473"]
[BlackElo "2054"]
[WhiteFideId "4641833"]
[BlackFideId "24131890"]
[EventDate "2020.06.19"]

1. d4 g6 2. Nf3 b6 3. c3 Bb7 4. Bg5 Bg7 5. Nbd2 d6 6. e3 Nd7 7. Bh4 h6 8. Bg3 e6
9. Be2 Ne7 10. O-O O-O 11. Re1 Nf6 12. Bf1 a5 13. e4 a4 14. a3 Nh5 15. Bb5 Nxg3
16. hxg3 Bc6 17. Bxc6 Nxc6 18. Qe2 e5 19. d5 Ne7 20. Nf1 f5 21. N3d2 f4 22. gxf4
exf4 23. Nh2 g5 24. Nhf3 Ng6 25. Nd4 Qf6 26. Ne6 Rf7 27. Qh5 Ne5 28. Nf3 Re8 29.
Nxe5 Qxe5 30. f3 Rxe6 31. dxe6 Qxe6 32. Rad1 Be5 33. Rd5 c6 34. Rd2 b5 35. Qh3
Qxh3 36. gxh3 Rg7 37. Kf2 h5 38. Rg1 Kf7 39. Rc2 Kf6 40. Rd1 g4 41. hxg4 hxg4
42. fxg4 Rxg4 43. c4 bxc4 44. Rxc4 c5 45. Rxa4 Rh4 46. Ra6 Kg5 47. Rg1+ Kf6 48.
Rg2 Rh3 49. Rb6 Bd4+ 50. Ke1 Ke5 51. a4 Kxe4 52. Rxd6 f3 53. Rf2 Bxf2+ 54. Kxf2
Rh2+ 55. Kg3 Rg2+ 56. Kh3 Rxb2 57. a5 Ra2 58. a6 c4 59. Re6+ Kd3 60. Kg3 f2 61.
Kg2 c3 62. Rd6+ Kc4 63. Rc6+ Kb3 64. Rb6+ Kc4 65. Rc6+ Kd4 66. Rd6+ Kc5 67. Rd8
Rxa6 68. Kxf2 Kb4 69. Rb8+ Ka3 70. Ke3 Rd6 71. Rb7 c2 72. Ra7+ Kb2 73. Rb7+ Kc1
74. Ke2 Rd5 75. Rb8 Re5+ 76. Kf3 Kd2 77. Rd8+ Kc3 78. Rc8+ Kd3 79. Rd8+ Kc4 80.
Rc8+ Rc5 0-1

[Event "Women's Speed Chess Q2"]
[Site "chess.com INT"]
[Date "2020.06.19"]
[Round "11"]
[White "Vantika, Agrawal"]
[Black "Mrudul, Dehankar"]
[Result "1/2-1/2"]
[WhiteTitle "WIM"]
[BlackTitle "WIM"]
[WhiteElo "2286"]
[BlackElo "2256"]
[WhiteFideId "25050389"]
[BlackFideId "25096990"]
[EventDate "2020.06.19"]

1. d4 Nf6 2. c4 e6 3. g3 Bb4+ 4. Nd2 O-O 5. Bg2 d6 6. Nf3 Nc6 7. O-O Bxd2 8.
Qxd2 Qe7 9. b3 e5 10. d5 Nb8 11. Nh4 Re8 12. e4 Nh5 13. Bb2 a5 14. Rae1 b6 15.
Nf5 Bxf5 16. exf5 Nd7 17. f4 Nhf6 18. h3 Qf8 19. g4 exf4 20. Qxf4 Rxe1 21. Rxe1
Re8 22. Qd2 Nc5 23. g5 Nfd7 24. Rf1 Ne5 25. Qd4 f6 26. h4 Qe7 27. gxf6 Qxf6 28.
Kh1 Rf8 29. Bc1 Qf7 30. f6 gxf6 31. Bh6 Re8 32. Qf4 Ng6 33. Qg4 Kh8 34. h5 Ne5
35. Qh4 Ncd7 36. Bh3 Rg8 37. Be6 Qe7 38. Bxg8 Kxg8 39. Qg3+ Kh8 40. Rg1 Qf7 41.
Bg7+ Kg8 42. Bxf6+ Kf8 43. Bg7+ Ke8 44. Qh3 Qf4 45. Qe6+ Kd8 46. Bh6 Qh4+ 47.
Kg2 Qe4+ 48. Kh2 Qe2+ 49. Rg2 Qxh5+ 50. Kg1 Qd1+ 51. Kh2 Qh5+ 52. Kg3 Qf3+ 53.
Kh2 Qh5+ 1/2-1/2

[Event "Women's Speed Chess Q2"]
[Site "chess.com INT"]
[Date "2020.06.19"]
[Round "11"]
[White "Arabidze, Meri"]
[Black "Zhukova, Natalia"]
[Result "0-1"]
[WhiteTitle "IM"]
[BlackTitle "GM"]
[WhiteElo "2428"]
[BlackElo "2328"]
[WhiteFideId "13604040"]
[BlackFideId "14101513"]
[EventDate "2020.06.19"]

1. d4 Nf6 2. c4 e6 3. Nf3 d5 4. Nc3 c5 5. e3 a6 6. a3 dxc4 7. Bxc4 b5 8. Bd3
Nbd7 9. O-O Bb7 10. Qe2 Bd6 11. h3 O-O 12. e4 cxd4 13. Nxd4 Ne5 14. Bc2 Ng6 15.
Rd1 Qb8 16. Bg5 Bh2+ 17. Kh1 Bf4 18. Bxf6 gxf6 19. Qh5 Qe5 20. Qg4 Qg5 21. Nb3
Rac8 22. Rd7 Bc6 23. Ra7 Ra8 24. Rxa8 Rxa8 25. Rd1 Qxg4 26. hxg4 Ne5 27. Na5 Be8
28. f3 Nc4 29. Nxc4 bxc4 30. Ba4 Kf8 31. Kg1 Rb8 32. Bxe8 Kxe8 33. Na4 Rb3 34.
Kf2 c3 35. Nxc3 Rxb2+ 36. Ne2 Ra2 37. Rd3 Bc1 38. Rd6 Bxa3 39. Rc6 Kd7 40. Rc4
Bd6 41. Ke3 a5 42. Nc3 Rxg2 43. Nb5 Bb8 44. Rc1 Rb2 45. Rd1+ Kc6 46. Nd4+ Kb6
47. Rh1 a4 48. Rxh7 a3 49. Rh8 Be5 50. Ra8 a2 51. f4 Bxd4+ 52. Kxd4 Kb5 53. g5
Rb4+ 54. Ke3 Ra4 55. Rb8+ Kc6 56. Rc8+ Kd7 57. Rc1 a1=Q 58. Rxa1 Rxa1 59. gxf6
Kd6 60. e5+ Kd5 61. Kf3 Ra3+ 62. Kg4 Ke4 63. Kg5 Rf3 64. Kh6 Rxf4 65. Kg7 Kxe5
66. Kxf7 Rxf6+ 67. Ke7 Rf5 0-1

[Event "Women's Speed Chess Q2"]
[Site "chess.com INT"]
[Date "2020.06.19"]
[Round "11"]
[White "Charochkina, Daria"]
[Black "Tokhirjonova, Gulrukhbegim"]
[Result "0-1"]
[WhiteTitle "IM"]
[BlackTitle "WGM"]
[WhiteElo "2356"]
[BlackElo "2378"]
[WhiteFideId "4180917"]
[BlackFideId "14203626"]
[EventDate "2020.06.19"]

1. c4 e6 2. Nc3 d5 3. d4 Nf6 4. cxd5 exd5 5. Bg5 Be7 6. e3 Nbd7 7. Bd3 c6 8. h3
O-O 9. Qc2 Re8 10. Bf4 Nf8 11. Nf3 Ng6 12. Bh2 Bd6 13. O-O-O a5 14. Kb1 a4 15.
Bxd6 Qxd6 16. Nxa4 Ra5 17. Nd2 Be6 18. Nc5 Ra7 19. Ndb3 Rea8 20. a3 Bc8 21. Nc1
b6 22. N5b3 Rc7 23. Bf5 c5 24. Bxc8 Raxc8 25. dxc5 bxc5 26. e4 d4 27. Rhe1 Qb6
28. e5 Nd5 29. Ka1 Rb7 30. Qc4 Nge7 31. g3 g6 32. f4 Ne3 33. Rxe3 dxe3 34. Re1
Nf5 35. Re2 Rd8 36. g4 Nd4 37. Rxe3 Qc6 38. Nxd4 Rxd4 39. Qc3 Qd5 40. f5 Rc4 41.
Qe1 Rc2 42. e6 Rcxb2 43. exf7+ Kg7 44. Qc3+ Kh6 45. g5+ Kh5 46. Qxb2 Rxb2 47.
Kxb2 Qd4+ 48. Kc2 Qc4+ 49. Rc3 Qe4+ 50. Kb2 Qxf5 51. Rxc5 Qxf7 52. Rc3 Qf2+ 53.
Kb3 Qb6+ 54. Kc2 Kxg5 55. Nd3 Kh6 56. Nb4 Qe6 57. Kb2 Qf5 58. Kb3 Qf1 59. a4 g5
60. a5 Qb5 61. Rc6+ Kh5 62. Rb6 Qf1 63. a6 Qxh3+ 64. Ka4 Qd7+ 65. Ka5 Qf5+ 66.
Rb5 Qc8 67. Kb6 Qb8+ 68. Ka5 Qd8+ 69. Rb6 g4 70. Nc6 Qd2+ 71. Kb5 g3 72. a7 Qb2+
73. Kc5 Qf2+ 74. Kb5 Qe2+ 0-1

[Event "Women's Speed Chess Q2"]
[Site "chess.com INT"]
[Date "2020.06.19"]
[Round "11"]
[White "Osmanodja, Filiz"]
[Black "Yu, Jennifer"]
[Result "0-1"]
[WhiteTitle "WGM"]
[BlackTitle "FM"]
[WhiteElo "2293"]
[BlackElo "2315"]
[WhiteFideId "24633569"]
[BlackFideId "2078341"]
[EventDate "2020.06.19"]

1. e4 g6 2. d4 Bg7 3. Nc3 d6 4. Be3 a6 5. Qd2 b5 6. a4 b4 7. Nd5 a5 8. Bc4 Nd7
9. Nf3 Bb7 10. Ng5 e6 11. Nf4 Qxg5 12. Nxe6 Qxg2 13. Nxg7+ Kf8 14. O-O-O Kxg7
15. e5 Qxh1 16. Rxh1 Bxh1 17. exd6 cxd6 18. Bb5 Ndf6 19. Bf4 Rd8 20. Qe1 Be4 21.
Qe3 h6 22. f3 Bf5 23. Qb3 Nh5 24. Bd2 Ngf6 25. Bc4 d5 26. Bb5 Rc8 27. Bd3 Bxd3
28. Qxd3 Rhd8 29. Qb5 Ra8 30. Qb6 g5 31. b3 Rdc8 32. h4 Nd7 33. Qd6 Ndf6 34.
hxg5 hxg5 35. Bxg5 Rd8 36. Qe5 Kg6 37. Bh4 Re8 38. Qg5+ Kh7 39. Qf5+ Kg7 40.
Bxf6+ Nxf6 41. Qg5+ Kf8 42. Qxf6 Re1+ 43. Kb2 Rae8 44. Qh8+ Ke7 45. Qh4+ Kd7 46.
Qg4+ R8e6 47. Qf5 Kd6 48. Qxf7 Rd1 49. Qf8+ Kd7 50. Qf7+ Kd6 51. Qf8+ Kd7 52.
Qa8 Ree1 53. Qxd5+ Ke7 54. Qc5+ Kf6 55. Qc6+ Kg5 56. Qd5+ Kf4 57. Qf7+ Kg3 58.
Qg6+ Kf2 59. c4 Rd2+ 60. Qc2 Rxc2+ 61. Kxc2 Re2+ 62. Kd3 Re3+ 63. Kd2 Rxb3 64.
c5 Rc3 65. d5 Rxc5 66. d6 Rd5+ 67. Kc2 Rxd6 68. Kb3 Ke3 69. Kc4 Kxf3 70. Kb5 b3
71. Kxa5 b2 72. Kb5 b1=Q+ 73. Ka5 Qb6# 0-1

[Event "Women's Speed Chess Q2"]
[Site "chess.com INT"]
[Date "2020.06.19"]
[Round "11"]
[White "Sudakova, Irina"]
[Black "Hng, Mei-En Emmanuelle"]
[Result "0-1"]
[WhiteTitle "WGM"]
[BlackTitle "WFM"]
[WhiteElo "2288"]
[BlackElo "2029"]
[WhiteFideId "4129903"]
[BlackFideId "5804566"]
[EventDate "2020.06.19"]

1. e4 g6 2. d4 Bg7 3. Nc3 d6 4. Be3 Nf6 5. h3 O-O 6. f4 Nc6 7. e5 dxe5 8. dxe5
Qxd1+ 9. Rxd1 Nd7 10. Nd5 Nb6 11. Nxc7 Rb8 12. Nf3 Bf5 13. c3 Na4 14. Rd2 Rfd8
15. Nd5 Nxb2 16. Rxb2 Rxd5 17. Bc4 Ra5 18. Ng5 e6 19. g4 b5 20. Bb3 Bd3 21. Kf2
h6 22. Rd1 hxg5 23. Rxd3 gxf4 24. Bxf4 Bxe5 25. Bd2 Rd8 26. Rxd8+ Nxd8 27. Rc2
Ra6 28. c4 bxc4 29. Rxc4 Rc6 30. Ra4 a6 31. Re4 Bf6 32. Kg3 Nb7 33. h4 Nd6 34.
Re2 Nb5 35. Ba4 Rc5 36. Be3 Rc3 37. h5 Nd4 38. Re1 Nc2 39. Bxc2 Rxc2 40. g5 Bc3
41. Rh1 gxh5 42. Rxh5 Bg7 43. a4 Ra2 44. Rh4 Ra3 45. Kf3 a5 46. Rc4 Rb3 47. Ke4
Rb4 48. Kd3 Rb3+ 49. Ke4 Kh7 50. Bf4 Kg6 51. Bc7 f5+ 52. gxf6 Bxf6 53. Bxa5 Ra3
54. Bc7 Ra1 55. a5 Re1+ 56. Kf3 Ra1 57. Rc6 Kf5 58. a6 e5 59. Bb8 e4+ 60. Ke2
Bg5 61. a7 Ra2+ 62. Kd1 Bf4 63. Bxf4 Kxf4 0-1